Statistics for Most Loved TV show couples

Click here to take the quiz!

General Stats

  • This quiz has been taken 1,706 times
  • The average score is 14 of 33

Answer Stats

HintAnswer% Correct
Ross & RachelFriends
95%
Homer & MargeThe Simpsons
91%
Buffy & AngelBuffy The Vampire Slayer
85%
Carrie & Mr BigSex and The City
75%
Morticia & GomezThe Addam's Family
74%
Roseanne & DanRoseanne
72%
Lucy & RickyI Love Lucy
64%
Sam & DianeCheers
55%
Cliff & ClaireThe Cosby Show
55%
Meredith & DerekGrey's Anatomy
54%
Luke & LorelaiGilmore Girls
47%
Joey & PaceyDawson's Creek
47%
Mike & CarolThe Brady Bunch
45%
Jim & PamThe Office
45%
Zack & KellySaved By The Bell
40%
Sawyer & JulietLost
39%
Lois & ClarkSmallville
38%
Kevin & WinnieThe Wonder Years
38%
Ralph & AliceThe Honeymooners
36%
Chuck & BlairGossip Girl
36%
Phil & ClaireModern Family
36%
David & DonnaBeverly Hills, 90210
30%
Tom & LynetteDesperate Housewives
30%
Luke & LauraGeneral Hospital
30%
George & LouiseThe Jeffersons
27%
Bobby & PamDallas
25%
Rob & LauraThe Dick Van Dyke Show
20%
Paul & JamieMad About You
19%
Maddie & DavidMoonlighting
18%
Doug & CaroleER
17%
Sydney & VaughnAlias
16%
Kevin & ScottyBrothers & Sisters
7%
Eric & TamiFriday Night Lights
5%

Score Distribution

Percentile by Number Answered

Percent of People with Each Score

Your Score History

You have not taken this quiz